00381 2200157 4500001002100000005001500021035002000036245003500056100002200091300002600113260002800139082000800167084001400175020002200189990001200211INLIS00000000000313120251022015305 a0010-10250000351 aBule Alay /cFitria Pratnasari0 aFitria Pratnasari a150 hlm ;c13 x 19 cm aJakarta :bZettu,c2012 a813 a813 FIT b a978-602-19990-7-3 a0755918